[Event "Marianske Lazne op"]
[Site "Marianske Lazne"]
[Date "2020.01.20"]
[Round "3"]
[White "Pawicka, Magdalena"]
[Black "Tsotsonava, Elene"]
[Result "0-1"]
[WhiteElo "1860"]
[BlackElo "2078"]
[PlyCount "60"]
[EventDate "2020.01.18"]
[EventType "swiss"]
[EventRounds "9"]
[EventCountry "CZE"]
[SourceTitle "EXT 2021"]
[Source "ChessBase"]
[SourceDate "2020.10.23"]
[SourceVersion "1"]
[SourceVersionDate "2020.10.23"]
[SourceQuality "1"]

1. e4 c5 2. Nf3 e6 3. d4 cxd4 4. Nxd4 Nc6 5. Nc3 Qc7 6. f4 a6 7. Nxc6 Qxc6 8. Bd3 b5 9. Qe2 Bc5 10. Be3 Bb7 11. 0-0-0 Ne7 12. Bxc5 Qxc5 13. e5 0-0 14. Ne4 Qc7 15. Nf6+ gxf6 16. Bxh7+ Kxh7 17. Qh5+ Kg8 18. Rd3 Ng6 19. Rc3 Qxc3 20. bxc3 fxe5 21. fxe5 Rac8 22. Qg4 Rxc3 23. Rf1 Rfc8 24. Rf2 R3c4 25. Qd1 Be4 26. Qxd7 Nxe5 27. Qa7 Nd3+ 28. Kd1 Nxf2+ 29. Qxf2 Bxc2+ 30. Kd2 Bg6 0-1

[Event "Prague op-A 19th"]
[Site "Prague"]
[Date "2020.01.11"]
[Round "3"]
[White "Adamko, Peter"]
[Black "Pawicka, Magdalena"]
[Result "0-1"]
[WhiteElo "2082"]
[BlackElo "1860"]
[PlyCount "50"]
[EventDate "2020.01.10"]
[EventType "swiss"]
[EventRounds "9"]
[EventCountry "CZE"]
[SourceTitle "CBM 195 Extra"]
[Source "ChessBase"]
[SourceDate "2020.05.31"]
[SourceVersion "1"]
[SourceVersionDate "2020.05.31"]
[SourceQuality "1"]

1. e4 e5 2. Nf3 Nc6 3. Bc4 Bc5 4. c3 Nf6 5. b4 Bb6 6. Qb3 0-0 7. d3 d6 8. a4 a6 9. Be3 Bxe3 10. fxe3 Ng4 11. Ke2 Qf6 12. h3 Qh6 13. Re1 Nxe3 14. Kf2 Nxc4 15. dxc4 f5 16. Nbd2 fxe4 17. Nxe4 Rf4 18. Qd1 Bf5 19. g3 Rxe4 20. Qd5+ Kh8 21. Rxe4 Bxe4 22. Qxe4 Qxh3 23. b5 axb5 24. cxb5 Na5 25. Rg1 Rf8 0-1

[Event "POL-ch U20 (Women)"]
[Site "Ustron"]
[Date "2019.11.30"]
[Round "9"]
[White "Adamczyk, Zuzanna"]
[Black "Pawicka, Magdalena"]
[Result "0-1"]
[WhiteElo "1992"]
[BlackElo "1745"]
[PlyCount "120"]
[EventDate "2019.11.23"]
[EventType "swiss"]
[EventRounds "9"]
[EventCountry "POL"]
[SourceTitle "CBM 193 Extra"]
[Source "ChessBase"]
[SourceDate "2020.01.31"]
[SourceVersion "1"]
[SourceVersionDate "2020.01.31"]
[SourceQuality "1"]

1. e4 e5 2. Nf3 Nc6 3. Bb5 Nge7 4. d4 exd4 5. Nxd4 g6 6. 0-0 Bg7 7. c3 0-0 8. f4 Nxd4 9. cxd4 d5 10. e5 c6 11. Be2 Qb6 12. Na3 Bf5 13. Rf3 Bg4 14. Rd3 Bxe2 15. Qxe2 Nf5 16. Qf2 h5 17. Nc2 Rac8 18. Rb3 Qc7 19. Ne1 Rfd8 20. Nf3 b6 21. Be3 c5 22. Rc3 c4 23. h3 b5 24. g4 b4 25. Rc2 hxg4 26. hxg4 Nxe3 27. Qxe3 Qd7 28. Rg2 c3 29. bxc3 Rxc3 30. Qf2 Rdc8 31. Ne1 Qa4 32. f5 b3 33. f6 b2 34. Rb1 Rc1 35. Rxb2 Bf8 36. Kh2 Ba3 37. Re2 R1c4 38. Nf3 Bc1 39. g5 Bf4+ 40. Kh3 Qd7+ 41. Rg4 Qf5 42. Kh4 Rc2 43. Rg2 Rxe2 44. Qxe2 Kh7 45. e6 fxe6 46. Rg4 Rh8 47. Kh3 Kg8+ 48. Nh4 Bxg5 49. f7+ Kxf7 50. Kg3 Bxh4+ 51. Rxh4 Rxh4 52. Kxh4 Qh5+ 53. Qxh5 gxh5 54. Kxh5 Kf6 55. Kg4 e5 56. dxe5+ Kxe5 57. Kf3 Kd4 58. Ke2 Kc3 59. Kd1 Kb2 60. a4 a5 0-1

[Event "POL-ch U20 (Women)"]
[Site "Ustron"]
[Date "2019.11.28"]
[Round "7"]
[White "Pawicka, Magdalena"]
[Black "Szczotka, Klara"]
[Result "1-0"]
[WhiteElo "1745"]
[BlackElo "1781"]
[PlyCount "81"]
[EventDate "2019.11.23"]
[EventType "swiss"]
[EventRounds "9"]
[EventCountry "POL"]
[SourceTitle "CBM 193 Extra"]
[Source "ChessBase"]
[SourceDate "2020.01.31"]
[SourceVersion "1"]
[SourceVersionDate "2020.01.31"]
[SourceQuality "1"]

1. e4 c5 2. Nf3 e6 3. g3 a6 4. Bg2 Qc7 5. 0-0 d6 6. Qe2 Nd7 7. c3 b5 8. d4 Bb7 9. a4 bxa4 10. d5 e5 11. c4 Ngf6 12. Nc3 Be7 13. Nxa4 0-0 14. Nd2 Nb6 15. Nb3 Nxa4 16. Rxa4 Rfb8 17. Na5 Qd7 18. Ra2 Bd8 19. Bd2 Bxa5 20. Bxa5 Bc8 21. f4 exf4 22. gxf4 Qe7 23. e5 Bg4 24. Bf3 Bxf3 25. Rxf3 Ne8 26. Bc3 Rd8 27. Re3 Qh4 28. Re4 Qh6 29. Ra1 f5 30. exf6 Nxf6 31. Re6 Ra7 32. Bxf6 gxf6 33. Kh1 Kf7 34. Re1 Rdd7 35. Re8 f5 36. Re6 Qh4 37. Qd3 Qh5 38. Qc3 Qh4 39. Rg1 Qg4 40. Qf6+ Kg8 41. Re8# 1-0

[Event "POL-ch U20 (Women)"]
[Site "Ustron"]
[Date "2019.11.25"]
[Round "3"]
[White "Malicka, Maria"]
[Black "Pawicka, Magdalena"]
[Result "1-0"]
[WhiteElo "2104"]
[BlackElo "1745"]
[PlyCount "71"]
[EventDate "2019.11.23"]
[EventType "swiss"]
[EventRounds "9"]
[EventCountry "POL"]
[SourceTitle "CBM 193 Extra"]
[Source "ChessBase"]
[SourceDate "2020.01.31"]
[SourceVersion "1"]
[SourceVersionDate "2020.01.31"]
[SourceQuality "1"]

1. e4 e5 2. Nf3 Nc6 3. Bb5 a6 4. Ba4 Nf6 5. d3 b5 6. Bb3 Be7 7. Nc3 d6 8. a3 0-0 9. Nd5 Na5 10. Ba2 c5 11. 0-0 Nc6 12. c3 Nxd5 13. Bxd5 Bd7 14. d4 cxd4 15. cxd4 Rc8 16. dxe5 Nxe5 17. Nd4 Nc6 18. Be3 Nxd4 19. Bxd4 Bf6 20. Bxf6 Qxf6 21. Qd2 Bc6 22. Rac1 Bxd5 23. exd5 h6 24. Rc6 Rxc6 25. dxc6 Rc8 26. Rc1 Rc7 27. g3 Qd8 28. Qd5 Qg5 29. Qxg5 hxg5 30. Kg2 Kf8 31. Kf3 Ke7 32. Ke4 Ke6 33. Kd4 g6 34. Re1+ Kf6 35. Kd5 Re7 36. Rc1 1-0

[Event "POL-ch U20 (Women)"]
[Site "Ustron"]
[Date "2019.11.24"]
[Round "2"]
[White "Pawicka, Magdalena"]
[Black "Kulpa, Zuzanna"]
[Result "0-1"]
[WhiteElo "1745"]
[BlackElo "1878"]
[PlyCount "120"]
[EventDate "2019.11.23"]
[EventType "swiss"]
[EventRounds "9"]
[EventCountry "POL"]
[SourceTitle "CBM 193 Extra"]
[Source "ChessBase"]
[SourceDate "2020.01.31"]
[SourceVersion "1"]
[SourceVersionDate "2020.01.31"]
[SourceQuality "1"]

1. e4 c5 2. Nf3 d6 3. d4 cxd4 4. Nxd4 Nf6 5. Nc3 a6 6. Be3 e5 7. Nb3 Be6 8. f3 Be7 9. Qd2 0-0 10. 0-0-0 Nbd7 11. g4 b5 12. g5 b4 13. gxf6 bxc3 14. Qxc3 Nxf6 15. Na5 Rc8 16. Nc6 Qd7 17. Nxe7+ Qxe7 18. Qa3 Rc6 19. Bd3 Qc7 20. Rhg1 Rc8 21. Rd2 Kh8 22. Kb1 Rb8 23. Ka1 d5 24. Bg5 Qb6 25. Re1 d4 26. f4 Rc5 27. b3 Ne8 28. f5 Bc8 29. Bd8 Qd6 30. Ba5 Rc6 31. Kb2 Bd7 32. Qxd6 Nxd6 33. a3 Nb7 34. Bb4 a5 35. Be7 f6 36. a4 Rc3 37. Kc1 Bxa4 38. bxa4 Re8 39. Bxf6 gxf6 40. Rg2 Nc5 41. Bb5 Rc8 42. Reg1 d3 43. Kb2 Rxc2+ 44. Rxc2 dxc2 45. Kxc2 Nxe4+ 46. Kd3 Nd6 47. Rf1 Rg8 48. Rf2 Rg4 49. Bd7 Rd4+ 50. Kc2 Ne4 51. Re2 Nc5 52. Be6 Nxe6 53. fxe6 Rd6 54. Kc3 Rxe6 55. Kc4 Kg7 56. Kb5 f5 57. Kxa5 f4 58. Kb4 f3 59. Re1 e4 60. a5 f2 0-1